| 000 | 01481cam a2200361 a 4500 | ||
|---|---|---|---|
| 999 |
_c232675 _d232675 |
||
| 001 | 13029721 | ||
| 003 | NUST | ||
| 005 | 20180117090023.0 | ||
| 008 | 021213s2004 maua b 001 0 eng | ||
| 010 | _a 2002044914 | ||
| 020 | _a0072487488 (hbk. : alk. paper) | ||
| 020 | _a007119875X (int. : alk. paper) | ||
| 040 |
_aDLC _cDLC _dDLC |
||
| 042 | _apcc | ||
| 050 | 0 | 0 |
_aHF1411 _b.L536 2004 |
| 082 | 0 | 0 |
_a337 _221 |
| 100 | 1 | _aPugel, Thomas A. | |
| 245 | 1 | 0 |
_aInternational economics / _cThomas A. Pugel. |
| 250 | _a12th ed. | ||
| 260 |
_aBoston : _bMcGraw-Hill/Irwin, _cc2004. |
||
| 300 |
_axx, 776 p. : _bill. ; _c24 cm. |
||
| 504 | _aIncludes bibliographic references (p. 747-759) and index. | ||
| 650 | 0 | _aInternational economic relations. | |
| 650 | 0 | _aCommercial policy. | |
| 650 | 0 | _aForeign exchange. | |
| 856 | 4 | 2 |
_3Publisher description _uhttp://www.loc.gov/catdir/description/mh031/2002044914.html |
| 856 | 4 | 1 |
_3Table of contents _uhttp://www.loc.gov/catdir/toc/mh031/2002044914.html |
| 856 | 4 | 2 |
_3Contributor biographical information _uhttp://www.loc.gov/catdir/enhancements/fy0737/2002044914-b.html |
| 906 |
_a7 _bcbc _corignew _d1 _eocip _f20 _gy-gencatlg |
||
| 942 |
_2ddc _cBK |
||